Wszystkie flagi z krzyżem - Statystyki

Ogólne statystyki
  • Ten quiz został rozwiązany 30 razy
  • Średni wynik to 14 z 22
Statystyki odpowiedzi
Kontynent Państwo % Poprawnych
Australia Australia
89%
Europa Finlandia
84%
Europa Szwecja
84%
Europa Dania
79%
Europa Norwegia
79%
Australia Nowa Zelandia
79%
Australia Tonga
79%
Europa Wielka Brytania
79%
Europa Islandia
68%
Australia Tuvalu
68%
Australia Fidżi
63%
Europa Szwajcaria
63%
Azja Gruzja
58%
Europa Czarnogóra
53%
Europa Grecja
53%
Europa Hiszpania
47%
Europa Mołdawia
47%
Europa San Marino
47%
Europa Serbia
47%
Europa Słowacja
47%
Europa Watykan
47%
Europa Liechtenstein
42%
Nie znaleziono quizów pasujących do podanych kryteriów
Rozkład punktacji
Procent ludzi z każdym wynikiem
Percentyl według liczby udzielonych odpowiedzi
Twoja historia wyników
Nie rozwiązałeś tego quizu